000 00542cam a22001931 4500
001 ne 63000946
003 DLC
005 20260227111745.0
008 820714s1962 ua 000 1 ararc
010 _ane 63000946
035 _a(OCoLC)8598893
040 _aPrinceton Univ. Libr.
_cTU
_dTU
_dDLC
042 _apremarc
050 0 0 _aPJ7862.A59
_bF5
100 1 _aSanad, Kīlānī Ḥasan.
245 1 0 _aFī al-ʻāṣifah,
_cshiʻr Kīlānī Ḥasan Sanad.
260 _aal-Qāhirah,
_bʻĀlam al-Kutub
_c[1962 ?]
300 _a87 p.
_c17 cm.
999 _c45865
_d45865